Multicriteria-based ranking for risk management of food-borne parasites : (Record no. 12227)

000 -LEADER
fixed length control field 00859cam a22002414i 4500
020 ## - INTERNATIONAL STANDARD BOOK NUMBER
ISBN 9789241564700 (WHO)
020 ## - INTERNATIONAL STANDARD BOOK NUMBER
ISBN 9241564709 (WHO)
020 ## - INTERNATIONAL STANDARD BOOK NUMBER
ISBN 9789251081990 (print) (FAO)
020 ## - INTERNATIONAL STANDARD BOOK NUMBER
ISBN 9251081999 (print) (FAO)
040 ## - CATALOGING SOURCE
Transcribing agency YDXCP
082 00 - DEWEY DECIMAL CLASSIFICATION NUMBER
Classification number 615 FOO 2014 A040 Or.
245 00 - TITLE STATEMENT
Title Multicriteria-based ranking for risk management of food-borne parasites :
Remainder of title report of a joint FAO/WHO Expert Meeting, 3-7 September 2012, FAO Headquarters, Rome, Italy /
300 ## - PHYSICAL DESCRIPTION
Number of Pages xviii, 302 pages ;
Dimensions 25 cm.
490 1# - SERIES STATEMENT
Series statement Microbiological risk assessment series,
650 #0 - SUBJECT ADDED ENTRY--TOPICAL TERM
Topical Term Foodborne diseases.
650 #0 - SUBJECT ADDED ENTRY--TOPICAL TERM
Topical Term Parasites.
650 #0 - SUBJECT ADDED ENTRY--TOPICAL TERM
Topical Term Food contamination
650 #0 - SUBJECT ADDED ENTRY--TOPICAL TERM
Topical Term Food industry and trade
700 1# - ADDED ENTRY--PERSONAL NAME
Personal name Boireau, Pascal.
710 2# - ADDED ENTRY--CORPORATE NAME
Corporate name or jurisdiction name as entry element Food and Agriculture Organization of the United Nations.
710 2# - ADDED ENTRY--CORPORATE NAME
Corporate name or jurisdiction name as entry element World Health Organization.
942 ## - ADDED ENTRY ELEMENTS (KOHA)
Koha item type សៀវភៅភាសាអង់គ្លេស
952 ## - LOCATION AND ITEM INFORMATION (KOHA)
Withdrawn status [LOCAL, KOHA] 0
Holdings
Permanent Location Date acquired Koha item type Lost status Shelving location Barcode Current Location Full call number
Library Block A2017-08-11សៀវភៅភាសាអង់គ្លេស A040A26531Library Block A615 FOO 2014 A040 Or.
មជ្ឈមណ្ឌលឯការនៃសាកលវិទ្យាល័យភូមិន្ទកសិកម្មចំការដូង

Powered by Koha